Normal view
MARC view
- Supervisor : Prof. Dr. Peter John
Entry Personal Name
001 - CONTROL NUMBER
- control field: 123211
003 - CONTROL NUMBER IDENTIFIER
- control field: NUST
005 - DATE AND TIME OF LATEST TRANSACTION
- control field: 20240604153119.0
008 - FIXED-LENGTH DATA ELEMENTS
- fixed length control field: 240604|| aca||aabn | a|a d
040 ## - CATALOGING SOURCE
- Original cataloging agency: NUST
- Transcribing agency: NUST
100 ## - HEADING--PERSONAL NAME
- Personal name: Supervisor : Prof. Dr. Peter John
670 ## - SOURCE DATA FOUND
- Source citation: Work cat.: (NUST): Ahmed, Shanzay 123209, Evaluation of Novel Phytobiologics as Potential Therapeutic Agents for Rheumatoid Arthritis/
